<?xml version="1.0" encoding="UTF-8"?>
<record
    xmlns:xsi="http://www.w3.org/2001/XMLSchema-instance"
    xsi:schemaLocation="http://www.loc.gov/MARC21/slim http://www.loc.gov/standards/marcxml/schema/MARC21slim.xsd"
    xmlns="http://www.loc.gov/MARC21/slim">

  <leader>01408nam0a22003011  4500</leader>
  <controlfield tag="001">rc\1052927</controlfield>
  <controlfield tag="005">20260407064824.0</controlfield>
  <datafield tag="035" ind1=" " ind2=" ">
    <subfield code="a">(NLR Aleph) 006214280</subfield>
  </datafield>
  <datafield tag="090" ind1=" " ind2=" ">
    <subfield code="a">6401366</subfield>
    <subfield code="c">6401366</subfield>
  </datafield>
  <datafield tag="100" ind1=" " ind2=" ">
    <subfield code="a">20041129d1980    |||y0rusy50      ca</subfield>
  </datafield>
  <datafield tag="101" ind1="0" ind2=" ">
    <subfield code="a">rus</subfield>
  </datafield>
  <datafield tag="102" ind1=" " ind2=" ">
    <subfield code="a">RU</subfield>
  </datafield>
  <datafield tag="105" ind1=" " ind2=" ">
    <subfield code="a">a   |||||||||</subfield>
  </datafield>
  <datafield tag="200" ind1="1" ind2=" ">
    <subfield code="a">&#x411;&#x435;&#x43B;&#x44B;&#x439; &#x43F;&#x430;&#x440;&#x43E;&#x445;&#x43E;&#x434;</subfield>
    <subfield code="e">&#x41F;&#x43E;&#x432;&#x435;&#x441;&#x442;&#x438;</subfield>
    <subfield code="e">[&#x414;&#x43B;&#x44F; &#x441;&#x442;. &#x432;&#x43E;&#x437;&#x440;&#x430;&#x441;&#x442;&#x430;]</subfield>
    <subfield code="f">&#x427;&#x438;&#x43D;&#x433;&#x438;&#x437; &#x410;&#x439;&#x442;&#x43C;&#x430;&#x442;&#x43E;&#x432;</subfield>
    <subfield code="g">[&#x41F;&#x43E;&#x441;&#x43B;&#x435;&#x441;&#x43B;. &#x411;. &#x41F;&#x430;&#x43D;&#x43A;&#x438;&#x43D;&#x430;]</subfield>
    <subfield code="g">&#x425;&#x443;&#x434;&#x43E;&#x436;. &#x421;. &#x41E;&#x441;&#x442;&#x440;&#x43E;&#x432;</subfield>
  </datafield>
  <datafield tag="210" ind1=" " ind2=" ">
    <subfield code="a">&#x41C;.</subfield>
    <subfield code="c">&#x414;&#x435;&#x442;. &#x43B;&#x438;&#x442;.</subfield>
    <subfield code="d">1980</subfield>
  </datafield>
  <datafield tag="215" ind1=" " ind2=" ">
    <subfield code="a">350 &#x441;.</subfield>
    <subfield code="c">&#x438;&#x43B;.</subfield>
    <subfield code="d">26</subfield>
  </datafield>
  <datafield tag="300" ind1=" " ind2=" ">
    <subfield code="a">&#x412; &#x432;&#x44B;&#x43F;. &#x434;&#x430;&#x43D;. &#x430;&#x432;&#x442;.: &#x427;&#x438;&#x43D;&#x433;&#x438;&#x437; &#x422;&#x43E;&#x440;&#x435;&#x43A;&#x443;&#x43D;&#x43E;&#x432;&#x438;&#x447;[!] &#x410;&#x439;&#x442;&#x43C;&#x430;&#x442;&#x43E;&#x432;</subfield>
  </datafield>
  <datafield tag="327" ind1="1" ind2=" ">
    <subfield code="a">&#x421;&#x43E;&#x434;&#x435;&#x440;&#x436;.: &#x41F;&#x435;&#x433;&#x438;&#x439; &#x43F;&#x435;&#x441;, &#x431;&#x435;&#x433;&#x443;&#x449;&#x438;&#x439; &#x43A;&#x440;&#x430;&#x435;&#x43C; &#x43C;&#x43E;&#x440;&#x44F;; &#x420;&#x430;&#x43D;&#x43D;&#x438;&#x435; &#x436;&#x443;&#x440;&#x430;&#x432;&#x43B;&#x438;; &#x41F;&#x43E;&#x441;&#x43B;&#x435; &#x441;&#x43A;&#x430;&#x437;&#x43A;&#x438; (&#x411;&#x435;&#x43B;&#x44B;&#x439; &#x43F;&#x430;&#x440;&#x43E;&#x445;&#x43E;&#x434;)</subfield>
  </datafield>
  <datafield tag="464" ind1=" " ind2="0">
    <subfield code="1">2001#$a&#x41F;&#x435;&#x433;&#x438;&#x439; &#x43F;&#x435;&#x441;, &#x431;&#x435;&#x433;&#x443;&#x449;&#x438;&#x439; &#x43A;&#x440;&#x430;&#x435;&#x43C; &#x43C;&#x43E;&#x440;&#x44F;</subfield>
    <subfield code="t">&#x41F;&#x435;&#x433;&#x438;&#x439; &#x43F;&#x435;&#x441;, &#x431;&#x435;&#x433;&#x443;&#x449;&#x438;&#x439; &#x43A;&#x440;&#x430;&#x435;&#x43C; &#x43C;&#x43E;&#x440;&#x44F;</subfield>
  </datafield>
  <datafield tag="464" ind1=" " ind2="0">
    <subfield code="1">2001#$a&#x420;&#x430;&#x43D;&#x43D;&#x438;&#x435; &#x436;&#x443;&#x440;&#x430;&#x432;&#x43B;&#x438;</subfield>
    <subfield code="t">&#x420;&#x430;&#x43D;&#x43D;&#x438;&#x435; &#x436;&#x443;&#x440;&#x430;&#x432;&#x43B;&#x438;</subfield>
  </datafield>
  <datafield tag="464" ind1=" " ind2="0">
    <subfield code="1">2001#$a&#x41F;&#x43E;&#x441;&#x43B;&#x435; &#x441;&#x43A;&#x430;&#x437;&#x43A;&#x438; (&#x411;&#x435;&#x43B;&#x44B;&#x439; &#x43F;&#x430;&#x440;&#x43E;&#x445;&#x43E;&#x434;)</subfield>
    <subfield code="t">&#x41F;&#x43E;&#x441;&#x43B;&#x435; &#x441;&#x43A;&#x430;&#x437;&#x43A;&#x438; (&#x411;&#x435;&#x43B;&#x44B;&#x439; &#x43F;&#x430;&#x440;&#x43E;&#x445;&#x43E;&#x434;)</subfield>
  </datafield>
  <datafield tag="700" ind1=" " ind2="1">
    <subfield code="8">rus</subfield>
    <subfield code="7">ca</subfield>
    <subfield code="a">&#x410;&#x439;&#x442;&#x43C;&#x430;&#x442;&#x43E;&#x432;</subfield>
    <subfield code="b">&#x427;.</subfield>
    <subfield code="f">1928-2008</subfield>
    <subfield code="g">&#x427;&#x438;&#x43D;&#x433;&#x438;&#x437;</subfield>
    <subfield code="3">RU\NLR\AUTH\7715403</subfield>
    <subfield code="9">125055</subfield>
  </datafield>
  <datafield tag="801" ind1=" " ind2="0">
    <subfield code="a">RU</subfield>
    <subfield code="b">NLR</subfield>
    <subfield code="g">psbo</subfield>
  </datafield>
  <datafield tag="801" ind1=" " ind2="1">
    <subfield code="a">RU</subfield>
    <subfield code="b">ELAR</subfield>
    <subfield code="2">rusmarc</subfield>
  </datafield>
  <datafield tag="852" ind1=" " ind2=" ">
    <subfield code="a">NLR</subfield>
    <subfield code="j">80-7/1537</subfield>
  </datafield>
  <datafield tag="942" ind1=" " ind2=" ">
    <subfield code="c">BOOK</subfield>
  </datafield>
  <datafield tag="980" ind1=" " ind2=" ">
    <subfield code="a">NB</subfield>
  </datafield>
  <datafield tag="995" ind1=" " ind2=" ">
    <subfield code="5">2013-10-26</subfield>
    <subfield code="b">NLR01</subfield>
    <subfield code="c">NLR01</subfield>
    <subfield code="e">RF9</subfield>
    <subfield code="f">6214280-10</subfield>
    <subfield code="k">80-7/1537</subfield>
    <subfield code="o">0</subfield>
    <subfield code="r">BOOK</subfield>
    <subfield code="s">8071537_</subfield>
  </datafield>
  <datafield tag="995" ind1=" " ind2=" ">
    <subfield code="5">2015-04-15</subfield>
    <subfield code="a">aa</subfield>
    <subfield code="b">NLR02</subfield>
    <subfield code="c">NLR02</subfield>
    <subfield code="e">MK</subfield>
    <subfield code="f">1-859108</subfield>
    <subfield code="o">4</subfield>
    <subfield code="p">300.00</subfield>
    <subfield code="r">BOOK</subfield>
  </datafield>
</record>
